00505 a2200157 4500010001400000020002300014035001300037037001500050082001300065245005700078260004900135270009500184300003000279500001900309700001900328 aENG-89288 a8170247489c300.00 aEN-72821 bDBAD / PUB14a338.47911 aProfiles in Indian tourism/cedited by Shalini Singh aNew DelhibAPH Publishing Corporationc2008 a4435-36/7, Ansari Road, Darya Ganj,bNew DelhicDelhie110002k23274050maphbook@vsnl.net axiii, 215p.c22 cm ( Hb.) aIncludes index1 aSingh, Shalini